Compensacin̤, acreditamiento y devolucin̤ de impuestos

Detalles Bibliográficos
Autor principal: Přez Chavez, Još
Otros Autores: Fol Olguin, Raymundo
Formato: Desconocido
Lenguaje:español
Publicado: Mx̌ico : Tax edsitores ; 2010
Materias:
Acceso en línea:Acceso restringido

MARC

LEADER 00000ny a22000003n 4500
005 20110519150551.0
008 100928s2010 mx 000 spa d
020 |a 9786074401394 
035 |a 5007 
040 |a BUS  |d vLex 
090 |c 69  |d 69 
100 1 |a Přez Chavez, Još 
245 1 0 |a Compensacin̤, acreditamiento y devolucin̤ de impuestos  |h [Recurso electrn̤ico]  |c Jos ̌Přez Chavez ; Raymundo Fol Olguin  
256 |a Servicio en ln̕ea 
260 |a Mx̌ico :  |b Tax edsitores ;  |c 2010 
506 1 |a Contenido solo disponible en los productos indicados  |d vLex Global  |d vLex Global (Academic Edition, excluding Law Schools)  |d vLex Global (U.S. Academic Edition, Law Schools)  |d vLex Global (U.S. Academic Edition, excluding Law Schools)  |d vLex Global (Academic Edition, Law Schools) 
650 0 4 |a Impuesto  |x Publicaciones perid̤icas 
700 1 |a Fol Olguin, Raymundo 
740 0 |a vLex Libros (Servicios en ln̕ea) 
856 4 0 |u http://vlex.com/source/5007  |z Acceso restringido 
942 |c BOOK 
999 0 |a Taxation  |b Mx̌ico